书目信息 |
| 题名: |
煤炭城市住房供求博弈研究
|
|
| 作者: | 李英 , 李兴东 , 许君一 著 | |
| 分册: | ||
| 出版信息: | 北京 煤炭工业出版社 2009.09 |
|
| 页数: | 127页 | |
| 开本: | 21cm | |
| 丛书名: | ||
| 单 册: | ||
| 中图分类: | F293.35 | |
| 科图分类: | ||
| 主题词: | 煤炭工业--工业城市--住宅--供求关系--研究 | |
| 电子资源: | ||
| ISBN: | 978-7-5020-3550-1 | |
| 000 | 00996nam0 2200265 450 | |
| 001 | 004301294 | |
| 005 | 20100809100229.68 | |
| 010 | @a978-7-5020-3550-1@dCNY15.00 | |
| 100 | @a20100515d2009 emky0chiy50 ea | |
| 101 | 0 | @achi |
| 102 | @aCN@b110000 | |
| 105 | @ay a 000yy | |
| 200 | 1 | @a煤炭城市住房供求博弈研究@Amei tan cheng shi zhu fang gong qiu bo yi yan jiu@f李英, 李兴东, 许君一著@Fli ying,li xing dong,xu jun yi zhu |
| 210 | @a北京@c煤炭工业出版社@d2009.09 | |
| 215 | @a127页@d21cm | |
| 300 | @a2009山东省软科学项目(2009RKB144)资助 | |
| 320 | @a有书目 (第118-127页) | |
| 330 | @a本书主要包括经济理论与数学基础、房地产业发展分析、住房供给中地方政府与开发商投资博弈分析、保障性住房供求中公众申报博弈分析、商品房供求博弈分析等方面的内容。 | |
| 606 | 0 | @a煤炭工业@x工业城市@x住宅@x供求关系@x研究 |
| 690 | @aF293.35@v4 | |
| 701 | 0 | @a李英@Ali ying@4著 |
| 701 | 0 | @a李兴东@Ali xing dong@4著 |
| 701 | 0 | @a许君一@Axu jun yi@4著 |
| 801 | @c20100515 | |
| 905 | @dF293.35@eL312@f5 | |
| 煤炭城市住房供求博弈研究/李英, 李兴东, 许君一著.-北京:煤炭工业出版社,2009.09 |
| 127页;21cm |
| 2009山东省软科学项目(2009RKB144)资助 |
| ISBN 978-7-5020-3550-1:CNY15.00 |
| 本书主要包括经济理论与数学基础、房地产业发展分析、住房供给中地方政府与开发商投资博弈分析、保障性住房供求中公众申报博弈分析、商品房供求博弈分析等方面的内容。 |
| ● |
| 相关链接 |
|
|
|
正题名:煤炭城市住房供求博弈研究
索取号:F293.35/L312
 
预约/预借
| 序号 | 登录号 | 条形码 | 馆藏地/架位号 | 状态 | 备注 |
| 1 | 1021168 | 210211689 | 社科库409/400B社科库 32排1列4层/ [索取号:F293.35/L312] | 在馆 | |
| 2 | 1021169 | 210211698 | 社科库409/409社科库 111排2列6层/ [索取号:F293.35/L312] | 在馆 | |
| 3 | 1021170 | 210211705 | 社科库409/409社科库 111排2列6层/ [索取号:F293.35/L312] | 在馆 | |
| 4 | 1021171 | 210211714 | 社科库409/400B社科库 32排1列4层/ [索取号:F293.35/L312] | 在馆 | |
| 5 | 1021172 | 210211723 | 社科库409/409社科库 111排2列6层/ [索取号:F293.35/L312] | 在馆 |